00385nam a2200157Ia 4500008004100000020001800041245001600059245005500075260001500130260001600145260000900161300001400170300002500184300001000209500000800219170705s9999 xx 000 0 und d a9780545441919 aDeep snow / cRobert Munsch ; illustrated by Michael Martchenko. aNew York : bScholastic, c2006 aunpaged : bcolor illustration ; c23cm. a590